Countries that end with -Stan - Statistics

General Stats
  • This quiz has been taken 50 times
  • The average score is 7 of 7
Answers on the Map
Answers color-coded by a green-red scale on the quiz's map according to % correct below.
 
Answer Stats
% Correct
Kazakhstan
98%
Pakistan
98%
Afghanistan
96%
Uzbekistan
96%
Kyrgyzstan
94%
Turkmenistan
94%
Tajikistan
83%
No matching quizzes found
Score Distribution
Percent of People with Each Score
Percentile by Number Answered
Your Score History
You have not taken this quiz